000 00544nam a2200229Ia 4500
003 OSt
005 20221005132439.0
006 a|||||r|||| 00| 0
007 ta
008 221004b |||||||| |||| 00| 0 eng d
024 _a61492
037 _cTextual
040 _aCRL
_cCRL
_beng
041 _2eng
_aeng
082 _aV1:1:N19, E9
100 _aRichard Paul
_949799
245 0 _aTo the nations
260 _c1919
650 _aHISTORY
942 _hV1:1:N19, E9
_cTEXL
_2cc
999 _c1063710
_d1063710